Tiếng Việt thực hành

שמור ב:
מידע ביבליוגרפי
מחבר ראשי: Bùi, Minh Toán
פורמט: ספר
שפה:Undetermined
יצא לאור: Hà Nội Giáo dục 2005
נושאים:
תגים: הוספת תג
אין תגיות, היה/י הראשונ/ה לתייג את הרשומה!
Thư viện lưu trữ: Trung tâm Học liệu Trường Đại học Cần Thơ
LEADER 00580nam a2200205Ia 4500
001 CTU_74323
008 210402s9999 xx 000 0 und d
020 |c 14400 
082 |a 495.9228 
082 |b T406 
100 |a Bùi, Minh Toán 
245 0 |a Tiếng Việt thực hành 
245 0 |c Bùi Minh Toán chủ biên, Lê A, Đỗ Việt Hùng 
260 |a Hà Nội 
260 |b Giáo dục 
260 |c 2005 
650 |a Vietnamese language 
650 |x Rhetoric 
904 |i TUYEN 
980 |a Trung tâm Học liệu Trường Đại học Cần Thơ